| 000 | 00529cam a2200193ua 4500 | ||
|---|---|---|---|
| 020 | _a07 085998 1 | ||
| 041 |
_aeng _h |
||
| 082 |
_a621.4021 _bZEM/BA |
||
| 100 | _aZemansky, Mark W . | ||
| 245 |
_aBasic engineering thermodynamics / _cMark W Zemansky. _hTextual Documents |
||
| 250 |
_a2 / _b. |
||
| 260 |
_aSingapore : _bMcGraw-Hill International Book Company , _c1984. |
||
| 300 | _a492 ; . | ||
| 504 | _a | ||
| 700 | 1 | _aAbbott, Michael M . | |
| 700 | 1 | _aVanness, Hendrick C . | |
| 942 | _cBK | ||
| 999 |
_c8922 _d8922 |
||